000
00342 a2200157 4500
001
192999
020
_a
978-85-7406-709-4
040
_c
Magnum
100
_a
Torero, José Roberto
240
1
0
_a
Joões e marias
_l
por
245
1
0
_a
Joões e marias
300
_a
47
362
0
_a
2017
697
_a
LITERATURA INFANTO-JUVENIL
942
_c
BK
999
_c
192999
_d
192999